000 00296nam a2200121Ia 4500
005 20251222142017.0
008 251222s9999||||xx |||||||||||||| ||spa||
082 _a791.437/P83
100 _aPozo, Mariano Del
245 0 _aEl Cine y su Crítica
264 _bUniversidad de Navarra
942 _cLIB
999 _c10508
_d10508